Meilleurs Buteurs de Ligue 1 depuis 2020 - Football - Statistiques

Statistiques générales
  • Ce quiz a été pris 180 fois
  • Le résultat moyen est 8 sur 20
Statistiques - réponses
Buts Nationalité Joueur % Correct
111 France Kylian Mbappé
100%
87 Canada Jonathan David
98%
61 France Alexandre Lacazette
75%
35 Brésil Neymar
68%
80 France Wissam Ben Yedder
57%
57 Algérie Amine Gouiri
46%
62 France Gaëtan Laborde
45%
39 Algérie Andy Delort
44%
32 États-Unis Folarin Balogun
35%
53 France Arnaud Kalimuendo
30%
42 France Ludovic Ajorque
27%
52 Nigéria Terem Moffi
27%
44 France Elye Wahi
20%
33 Cameroun Karl Toko Ekambi
19%
46 France Martin Terrier
19%
30 Bénin Steve Mounié
18%
40 Sénégal Habib Diallo
17%
36 France Téji Savanier
17%
34 France Benjamin Bourigeaud
8%
37 France Ludovic Blas
7%
Aucun quiz correspondant
Distribution des résultats
% des personnes avec chaque résultat
Percentile par nombre de réponses
Votre historique - résultats
Vous n’avez pas pris ce quiz